ბათუმის შოთა რუსთაველის სახელმწიფო უნივერსიტეტის ბიბლიოთეკა

Права человека и процессы глобализации современного мира (ბიბ.ჩანაწერი № 36089)

000 -LEADER
fixed length control field 01463cam a2200265 i 4500
001 - CONTROL NUMBER
control field 003045153
005 - DATE AND TIME OF LATEST TRANSACTION
control field 20190423104746.0
008 - FIXED-LENGTH DATA ELEMENTS--GENERAL INFORMATION
fixed length control field 070301s2007 ru r 000 u rus|d
020 ## - INTERNATIONAL STANDARD BOOK NUMBER
International Standard Book Number 9785891239050 (В пер.)
040 ## - CATALOGING SOURCE
Original cataloging agency RuMoRKP
Language of cataloging rus
Description conventions rcr
Modifying agency RuMoRGB
041 0# - LANGUAGE CODE
Language code of text/sound track or separate title rus
080 ## - UNIVERSAL DECIMAL CLASSIFICATION NUMBER
Universal Decimal Classification number 341.231.14
084 ## - OTHER CLASSIFICATION NUMBER
Classification number Х911.3,0
Number source rubbk
245 00 - TITLE STATEMENT
Title Права человека и процессы глобализации современного мира
Statement of responsibility, etc. [Бринчук М. М. и др.] ; отв. ред. Е. А. Лукашева ; Ин-т гос. и права Российской акад. наук
260 ## - PUBLICATION, DISTRIBUTION, ETC.
Place of publication, distribution, etc. Москва :
Name of publisher, distributor, etc. НОРМА,
Date of publication, distribution, etc. 2007.
300 ## - PHYSICAL DESCRIPTION
Extent 462, [1] с.,
Dimensions 22 см.
500 ## - GENERAL NOTE
General note Авт. указаны на 5-й с. текста
650 #7 - SUBJECT ADDED ENTRY--TOPICAL TERM
Topical term or geographic name entry element Государство и право. Юридические науки -- Международное публичное право -- Вопросы населения в международном праве -- Защита прав человека
Source of heading or term rubbk
9 (RLIN) 372
700 1# - ADDED ENTRY--PERSONAL NAME
Personal name Бринчук, Михаил Михайлович
9 (RLIN) 373
700 1# - ADDED ENTRY--PERSONAL NAME
Personal name Лукашева, Елена Андреевна
Relator term редактор
9 (RLIN) 374
710 2# - ADDED ENTRY--CORPORATE NAME
Corporate name or jurisdiction name as entry element Институт государства и права (Москва)
9 (RLIN) 375
852 ## - LOCATION
Former shelving location 90
852 ## - LOCATION
Former shelving location 90
942 ## - ADDED ENTRY ELEMENTS (KOHA)
Source of classification or shelving scheme
Koha item type წიგნი
ეგზემპლარები
Withdrawn status Lost status Source of classification or shelving scheme Damaged status Not for loan Permanent Location Current Location Shelving location Date acquired Serial Enumeration / chronology Full call number Barcode Date last seen Copy number Price effective from Koha item type Public note
          ბათუმის შოთა რუსთაველის სახელმწიფო უნივერსიტეტის მთავარი ბიბლიოთეკა ბათუმის შოთა რუსთაველის სახელმწიფო უნივერსიტეტის მთავარი ბიბლიოთეკა წიგნსაცავი 2019-04-23 7.00 342.72/73 П-68 3836 2019-04-23 3836 2019-04-23 წიგნი 7 ლ.